000 00489nam a22001697a 4500
999 _c40997
_d40997
003 OSt
005 20210225131541.0
008 210224b ||||| |||| 00| 0 eng d
020 _a9788183484466
040 _coclc
082 _a332.110954
_bARI/B
100 _98485
_aArihant
245 _aBank Clerk Exam :
_bSolved Papers /
_cArihant
260 _aAgra:
_bArihant Publication,
_c2019.
300 _a496p
942 _2ddc
_cBK
_h332.110954
_iARI/B
_k332.110954
_mARI/B